Catálogo público

Tabasco : (Record no. 110977)

MARC details
000 -CABECERA
campo de control de longitud fija 01195nam a2200349 a 4500
001 - NÚMERO DE CONTROL
campo de control 000114516
003 - IDENTIFICADOR DEL NÚMERO DE CONTROL
campo de control CHAP
005 - FECHA Y HORA DE LA ÚLTIMA TRANSACCIÓN
campo de control 20220329144444.0
008 - DATOS DE LONGITUD FIJA--INFORMACIÓN GENERAL
campo de control de longitud fija 180209s1985 mx |r| ||||||spa d
010 ## - NÚMERO DE CONTROL DE LA BIBLIOTECA DEL CONGRESO
Número de control de LC 110977
011 ## - ENLACE DEL NUMERO DE CONTROL DE LA BIBLIOTECA DEL CONGRESO [OBSOLETO]
Número de control de LC 111949
020 ## - NÚMERO INTERNACIONAL ESTÁNDAR DEL LIBRO
Número Internacional Estándar del Libro 968-889-015-4(Volumen l)
020 ## - NÚMERO INTERNACIONAL ESTÁNDAR DEL LIBRO
Número Internacional Estándar del Libro 968-889-017-0(Volumen ll)
020 ## - NÚMERO INTERNACIONAL ESTÁNDAR DEL LIBRO
Número Internacional Estándar del Libro 9688890103(General)
040 ## - FUENTE DE LA CATALOGACIÓN
Centro/agencia transcriptor CHAP
082 04 - NÚMERO DE LA CLASIFICACIÓN DECIMAL DEWEY
Número de clasificación 972.63
Número de documento/Ítem T11
245 00 - MENCIÓN DE TÍTULO
Título Tabasco :
Resto del título textos de su historia /
Mención de responsabilidad, etc. compilado por Ma. Eugenia Arias Gómez, Ana Lau Jaiven y Ximena Sepúlveda Otaíza.
260 ## - PUBLICACIÓN, DISTRIBUCIÓN, ETC.
Lugar de publicación, distribución, etc. Villahermosa, Tabasco :
Nombre del editor, distribuidor, etc. Gobierno del Estado de Tabasco,
-- José María Luis Mora,
Fecha de publicación, distribución, etc. 1985.
300 ## - DESCRIPCIÓN FÍSICA
Extensión v.
490 ## - MENCIÓN DE SERIE
Mención de serie Biblioteca básica Tabasqueña
Designación de volumen o secuencia 7
500 ## - NOTA GENERAL
Nota general La biblioteca de San Luis Acatlan tiene el v.1, v.2
590 ## - NOTA LOCAL (RLIN)
Nota local E5765TAJ
Procedencia (VM) [OBSOLETO] 05
Condición del los carretes individuales (VM) [OBSOLETO] 20180209
-- UCH01
-- 0928
590 ## - NOTA LOCAL (RLIN)
Nota local E5765TAJ
Procedencia (VM) [OBSOLETO] 05
Condición del los carretes individuales (VM) [OBSOLETO] 20180209
-- UCH01
-- 0931
650 14 - PUNTO DE ACCESO ADICIONAL DE MATERIA--TÉRMINO DE MATERIA
Término de materia o nombre geográfico como elemento de entrada Tabasco
Subdivisión general Historia.
9 (RLIN) 111278
700 1# - PUNTO DE ACCESO ADICIONAL--NOMBRE DE PERSONA
Nombre de persona Arias Gómez, Ma. Eugenia
Término indicativo de función/relación comp.
9 (RLIN) 134617
700 1# - PUNTO DE ACCESO ADICIONAL--NOMBRE DE PERSONA
Nombre de persona Lau Jaiven, Ana
Término indicativo de función/relación comp.
9 (RLIN) 134618
700 1# - PUNTO DE ACCESO ADICIONAL--NOMBRE DE PERSONA
Nombre de persona Sepúlveda Otaíza, Ximena
Término indicativo de función/relación comp.
9 (RLIN) 134619
830 0# - PUNTO DE ACCESO ADICIONAL DE SERIE-TÍTULO UNIFORME
Título uniforme Biblioteca básica Tabasqueña
Designación de volumen o secuencia 7
9 (RLIN) 12249
901 ## - ELEMENTOS DE DATOS A LOCAL LDA (RLIN)
a BK
942 ## - ELEMENTOS DE PUNTO DE ACCESO ADICIONAL (KOHA)
Tipo de ítem Koha Libro
942 ## - ELEMENTOS DE PUNTO DE ACCESO ADICIONAL (KOHA)
Suprimir en OPAC 0
Holdings
Estado de retiro Estado de pérdida Fuente del sistema de clasificación o colocación Estado dañado Restricciones de uso No para préstamo Código de colección Localización permanente Ubicación/localización actual Fecha de adquisición Información codificada de la localización en otra ubicación Total de préstamos Signatura topográfica completa Código de barras Fecha visto por última vez Precio válido a partir de Tipo de ítem Koha
    Dewey Decimal Classification   Préstamo 15 días   General Centro Regional San Luis Acatlán Centro Regional San Luis Acatlán 09/02/2018 LIBRO   972.63 T11 v.1 02000001397 31/12/2019 09/02/2018 Libro
    Dewey Decimal Classification   Préstamo 15 días   General Centro Regional San Luis Acatlán Centro Regional San Luis Acatlán 09/02/2018 LIBRO   972.63 T11 v.2 02000001396 31/12/2019 09/02/2018 Libro